000 00542nam a2200229 a 4500
001 nice12345678
003 IN_TiNIC
005 20260116011700.0
008 050524s1946 luca grp 000 0 eng
020 _a
_c100
082 0 0 _a294.51
_bCS
245 _aPilgrim, Vol.Vi to X
260 _aLucknow
_bChristian Society
_c1946
300 _a00p
500 _aincludes index and biblioraphy
505 2 _aBibliography, index
650 _aHinduism
710 2 _aChristian Society
902 _bSRS
942 _cBK
999 _c3384
_d3384